UBT Library

Principles of protein nutrition of ruminants / (Record no. 43918)

000 -LEADER
fixed length control field 00787cam a2200229 a 4500
001 - CONTROL NUMBER
control field 3469553
005 - DATE AND TIME OF LATEST TRANSACTION
control field 20180302033251.0
008 - FIXED-LENGTH DATA ELEMENTS--GENERAL INFORMATION
fixed length control field 930720s1994 flua b 001 0 eng
010 ## - LIBRARY OF CONGRESS CONTROL NUMBER
LC control number 93026906
020 ## - INTERNATIONAL STANDARD BOOK NUMBER
International Standard Book Number 0849349109 (acidfree paper)
040 ## - CATALOGING SOURCE
Original cataloging agency DLC
Transcribing agency DLC
Modifying agency DLC
041 ## - LANGUAGE CODE
Language code of text/sound track or separate title eng
080 ## - UNIVERSAL DECIMAL CLASSIFICATION NUMBER
Universal Decimal Classification number 636.20852 mal
082 00 - DEWEY DECIMAL CLASSIFICATION NUMBER
Classification number 636.20852 mal
Edition number 20
100 ## - Rafti
Rafti 9
101 ## - Shkurtesa
Shkurtesa nut
245 00 - TITLE STATEMENT
Title Principles of protein nutrition of ruminants /
Statement of responsibility, etc edited by John Malcolm Asplund.
504 ## - BIBLIOGRAPHY, ETC. NOTE
Bibliography, etc Includes bibliographical references and index.
906 ## - LOCAL DATA ELEMENT F, LDF (RLIN)
a 7
b cbc
c orignew
d 1
e ocip
f 19
g y-gencatlg
942 ## - ADDED ENTRY ELEMENTS (KOHA)
Source of classification or shelving scheme
Item type Books
Holdings
Withdrawn status Lost status Source of classification or shelving scheme Damaged status Not for loan Collection code Permanent location Current location Shelving location Date acquired Total Checkouts Full call number Barcode Date last seen Price effective from Koha item type
          Koleksioni i përgjithshem UBT - Lipjan UBT - Lipjan Koleksioni i përgjithshem 03/02/2018   636.20852 mal 002-3000332 03/02/2018 03/02/2018 Books
UBT Library © 2015-2024. All rights reserved University Education for Business and Technology